000 00534nam a22001937a 4500
001 00028781
005 20260415093928.0
008 260415b ag ||||| |||| 00| 0 spa d
040 _aAR-CcCEOS
_bspa
_cAR-CcCEOS
041 _aspa
080 _a860-3(82)
090 _bCAR
100 1 _aCárpena, Elías,
_d1897-1988
_91050
245 _aEl doradillo y otros cuentos /
_cElias Carpena
260 _aBuenos Aires :
_bKapelusz,
_c1977.
300 _a173 p. ;
_c19x12 cm.
655 0 _aliteratura argentina
_928
942 _2udc
_cBK
_n0
999 _c28816
_d28816